MACAULAY (Record no. 75)

MARC details
000 -LEADER
fixed length control field 00415nam a2200169Ia 4500
003 - CONTROL NUMBER IDENTIFIER
control field OSt
005 - DATE AND TIME OF LATEST TRANSACTION
control field 20220720130542.0
008 - FIXED-LENGTH DATA ELEMENTS--GENERAL INFORMATION
fixed length control field 211109s9999||||xx |||||||||||||| ||und||
040 ## - CATALOGING SOURCE
Transcribing agency SBCL
082 ## - DEWEY DECIMAL CLASSIFICATION NUMBER
Classification number 820 JOH-M
Item number JOH-M
100 ## - MAIN ENTRY--PERSONAL NAME
Personal name JOHN MORLEY
245 #0 - TITLE STATEMENT
Title MACAULAY
260 ## - PUBLICATION, DISTRIBUTION, ETC.
Name of publisher, distributor, etc. National
Place of publication, distribution, etc. New Delhi
Date of publication, distribution, etc. 1998
630 ## - SUBJECT ADDED ENTRY--UNIFORM TITLE
General subdivision Reference Reading Room
650 ## - SUBJECT ADDED ENTRY--TOPICAL TERM
Topical term or geographic name entry element Natural Sciences
942 ## - ADDED ENTRY ELEMENTS (KOHA)
Koha item type BOOK
650 ## - SUBJECT ADDED ENTRY--TOPICAL TERM
Form subdivision Mathematics
General subdivision Mathematics
Holdings
Withdrawn status Lost status Source of classification or shelving scheme Damaged status Not for loan Home library Current library Date acquired Cost, normal purchase price Full call number Barcode Shelving location Date last seen Price effective from Koha item type
    Dewey Decimal Classification     SB LIBRARY SB LIBRARY 09/11/2021 8.00 820 JOH-M 00000067 GENERAL STACK 09/11/2021 09/11/2021 BOOK

Powered by Koha